000 00493nam a22001697a 4500
003 OSt
005 20140311163156.0
008 140226t xxu||||| |||| 00| 0 eng d
020 _a9789814370042
050 _aQA 987.68
_b.Y42m 2012
100 _aYee, Lee Peng
_930670
245 _aMathematics modelling :
_bA collection of Classroom Tasks /
_cLee Peng Yee.
260 _aSingapore :
_bAlston Pub,
_c 2012.
300 _a83 p. :
_bill. ;
_c30 cm.
942 _2lcc
_cBK-TR
999 _c42397
_d42397